Statistics for Biggest Cities in the United States - Extreme

Click here to take the quiz!

General Stats

  • This quiz has been taken 61,825 times
    (20,445 since last reset)
  • The average score is 85 of 200

Answer Stats

PopulationStateCity% Correct
8,336,817New YorkNew York
99%
3,979,576CaliforniaLos Angeles
98%
2,693,976IllinoisChicago
97%
467,963FloridaMiami
95%
1,343,573TexasDallas
94%
2,320,268TexasHouston
94%
692,600MassachusettsBoston
93%
881,549CaliforniaSan Francisco
93%
753,675WashingtonSeattle
92%
1,584,064PennsylvaniaPhiladelphia
91%
1,423,851CaliforniaSan Diego
90%
1,680,992ArizonaPhoenix
89%
651,319NevadaLas Vegas
89%
670,031MichiganDetroit
88%
727,211ColoradoDenver
88%
705,749District of ColumbiaWashington D.C.
88%
506,811GeorgiaAtlanta
88%
654,741OregonPortland
87%
390,144LouisianaNew Orleans
86%
978,908TexasAustin
85%
160,628MississippiJackson
84%
495,327MissouriKansas City
82%
152,960KansasKansas City
82%
429,606MinnesotaMinneapolis
82%
287,442FloridaOrlando
82%
513,624CaliforniaSacramento
81%
876,384IndianaIndianapolis
81%
670,820TennesseeNashville
80%
655,057OklahomaOklahoma City
80%
1,547,253TexasSan Antonio
80%
399,700FloridaTampa
78%
200,567UtahSalt Lake City
78%
300,576MissouriSt. Louis
78%
593,490MarylandBaltimore
77%
911,507FloridaJacksonville
77%
300,286PennsylvaniaPittsburgh
76%
381,009OhioCleveland
76%
195,769GeorgiaColumbus
75%
1,021,795CaliforniaSan Jose
75%
898,553OhioColumbus
75%
651,073TennesseeMemphis
75%
885,708North CarolinaCharlotte
74%
303,940OhioCincinnati
73%
255,284New YorkBuffalo
72%
681,728TexasEl Paso
71%
590,157WisconsinMilwaukee
71%
560,513New MexicoAlbuquerque
70%
474,069North CarolinaRaleigh
69%
345,064HawaiiHonolulu
67%
220,236LouisianaBaton Rouge
65%
228,959IdahoBoise
65%
230,436VirginiaRichmond
65%
167,882MissouriSpringfield
65%
153,606MassachusettsSpringfield
65%
617,638KentuckyLouisville
64%
909,585TexasFort Worth
64%
308,096MinnesotaSt. Paul
64%
209,403AlabamaBirmingham
63%
194,500FloridaTallahassee
63%
137,566South CarolinaCharleston
62%
214,237IowaDes Moines
61%
548,073ArizonaTucson
61%
197,312ArkansasLittle Rock
61%
478,192NebraskaOmaha
60%
255,601NevadaReno
60%
401,190OklahomaTulsa
60%
433,031CaliforniaOakland
58%
179,883Rhode IslandProvidence
58%
288,000AlaskaAnchorage
57%
247,945North CarolinaWinston-Salem
57%
289,102NebraskaLincoln
56%
259,680WisconsinMadison
56%
478,221ColoradoColorado Springs
55%
174,365OregonSalem
54%
198,525AlabamaMontgomery
54%
282,011New JerseyNewark
53%
531,576CaliforniaFresno
52%
449,974VirginiaVirginia Beach
51%
389,938KansasWichita
48%
197,888GeorgiaAugusta
47%
144,464GeorgiaSavannah
46%
205,695New YorkRochester
46%
188,720AlabamaMobile
44%
272,779OhioToledo
43%
462,628CaliforniaLong Beach
42%
140,407OhioDayton
42%
350,365CaliforniaAnaheim
41%
323,152KentuckyLexington-Fayette
41%
182,437FloridaFort Lauderdale
41%
187,603TennesseeKnoxville
40%
398,854TexasArlington
40%
222,081WashingtonSpokane
40%
142,327New YorkSyracuse
40%
201,013MichiganGrand Rapids
40%
262,075New JerseyJersey City
40%
326,586TexasCorpus Christi
39%
518,012ArizonaMesa
38%
384,145CaliforniaBakersfield
38%
215,784CaliforniaSan Bernardino
38%
197,597OhioAkron
38%
183,793South DakotaSioux Falls
37%
217,827WashingtonTacoma
36%
278,993North CarolinaDurham
36%
265,351FloridaSt. Petersburg
36%
199,371TexasAmarillo
34%
331,360CaliforniaRiverside
34%
242,742VirginiaNorfolk
33%
379,289ColoradoAurora
33%
197,757IllinoisAurora
33%
172,622OregonEugene
33%
296,710North CarolinaGreensboro
33%
270,402IndianaFort Wayne
32%
182,799TennesseeChattanooga
31%
139,236TexasWaco
30%
258,862TexasLubbock
30%
332,318CaliforniaSanta Ana
28%
141,029CaliforniaPasadena
26%
151,227TexasPasadena
26%
187,112LouisianaShreveport
26%
182,781TexasBrownsville
25%
258,069ArizonaScottsdale
24%
312,697CaliforniaStockton
24%
144,399ConnecticutBridgeport
24%
262,491TexasLaredo
24%
287,677TexasPlano
23%
185,428MassachusettsWorcester
23%
287,401CaliforniaIrvine
23%
200,370New YorkYonkers
23%
159,428VirginiaAlexandria
23%
211,657North CarolinaFayetteville
23%
184,463WashingtonVancouver
22%
153,159GeorgiaMacon
22%
320,189NevadaHenderson
22%
175,961ArizonaPeoria
21%
200,574AlabamaHuntsville
21%
199,303CaliforniaGlendale
21%
252,381ArizonaGlendale
21%
195,805ArizonaTempe
20%
170,243ColoradoFort Collins
20%
138,669CaliforniaOrange
19%
251,974NevadaNorth Las Vegas
19%
143,268TexasMcAllen
19%
179,225VirginiaNewport News
19%
215,196CaliforniaModesto
18%
154,817FloridaHollywood
18%
146,038TexasMidland
17%
208,881CaliforniaOxnard
16%
145,609IllinoisRockford
16%
274,492CaliforniaChula Vista
16%
199,223CaliforniaHuntington Beach
16%
239,798TexasIrving
16%
176,753CaliforniaSanta Rosa
15%
212,979CaliforniaSanta Clarita
15%
157,601CaliforniaLancaster
15%
244,835VirginiaChesapeake
15%
261,165ArizonaChandler
15%
148,449IllinoisNaperville
14%
241,110CaliforniaFremont
14%
185,010CaliforniaOntario
14%
147,344IllinoisJoliet
13%
233,339FloridaHialeah
13%
200,490TexasFrisco
13%
195,494KansasOverland Park
13%
239,928TexasGarland
12%
254,114ArizonaGilbert
12%
141,541TexasDenton
12%
175,742CaliforniaOceanside
12%
148,164WashingtonBellevue
12%
170,282North CarolinaCary
11%
145,233New JerseyPaterson
11%
194,495FloridaCape Coral
11%
155,465CaliforniaSalinas
10%
201,846FloridaPort St. Lucie
10%
155,079CaliforniaPalmdale
10%
158,146TennesseeClarksville
10%
199,177TexasMcKinney
10%
151,666TexasKilleen
9%
177,603CaliforniaRancho Cucamonga
9%
194,543TexasGrand Prairie
9%
157,935ColoradoLakewood
9%
169,868CaliforniaCorona
9%
214,547CaliforniaFontana
9%
151,691CaliforniaPomona
9%
140,937TexasMesquite
8%
143,592CaliforniaTorrance
8%
138,632CaliforniaFullerton
8%
151,625CaliforniaEscondido
8%
141,664ArizonaSurprise
8%
146,900TennesseeMurfreesboro
8%
213,055CaliforniaMoreno Valley
8%
152,703CaliforniaSunnyvale
7%
139,248TexasCarrollton
7%
159,203CaliforniaHayward
7%
140,545KansasOlathe
7%
171,644CaliforniaGarden Grove
7%
173,591FloridaPembroke Pines
7%
141,500CaliforniaRoseville
7%
174,775CaliforniaElk Grove
7%
141,464ColoradoThornton
6%
141,191FloridaMiramar
6%

Score Distribution

Percentile by Number Answered

Percent of People with Each Score

Your Score History

You have not taken this quiz since the last reset